000 00615nam a2200181 a 4500
001 BRCA_1872
005 20190320203601.0
008 090608s1986----eu-a---###---#000-0#spa-#
020 _a0941103013
050 4 _aN8560
_b.W37 1986
100 1 _aWard, Philip
_95794
245 1 0 _aLa conservación del patrimonio
_bcarrera contra reloj
_cPhilip Ward.
260 _aEstados Unidos
_bThe Getty Conservation Institute
_cc1986
300 _a69 p.
_bil. (algunas a color)
_c25 cm.
650 1 4 _aPatrimonio cultural
_xConservación y restauración
_95795
650 1 4 _aArte
_xConservación y restauración
_95796
942 _2lcc
_cB
999 _c1649
_d1649